000 00936nam a2200277Ia 4500
001 Para_2429
003 CHAP
008 220125s1990 xx 000 0 und d
010 _a200963
040 _cCHAP
090 _aPA TESIS 537
100 _aFierros Amézquita, Felisa
_940782
245 _aAnálisis de acción conjunta de insecticidas en Aedes aegypti L. (Diptera :
_b Culicidae) /
_c por Felisa Fierros Amézquita
260 _aChapingo, Méx. :
_b El autor
300 _a71 h.
502 _aTesis (Ing. Agr. Esp. en Parasitología Agrícola) -- UACh. Departamento de Parasitología Agrícola
650 _aAedes aegypti Insecticidas
_x Toxicidad
_9165801
710 _aUACh. Departamento Parasitología Agrícola
_9164025
901 _aPA TESIS 537
902 _aA
905 _a0000001990 CHAi 0000000000 00
910 _a1990
942 _cPARA
942 _cPARA
_d1
999 _c200963
_d200963